00672nam a2200241 a 4500001001300000003000900013005001700022008004100039020000800080082001500088100002600103245002300129260003400152300000900186500003500195505000800230650002500238700002600263902000800289942000700297952011100304999001500415nice12345678IN_TiNIC20260116011840.0050524s1963 boma grp 000 0 urd  ac500a297.5bFAR aFarooqi, Sayeed Ahmed aAkhlaq-I-Muhammadi aBombaybShaad Pub.Housec1963 a336p aincludes index and biblioraphy2 aIll aIslam-Moral Theology1 aFarooqi, Sayeed Ahmed bSRS cBK 001040708StackRoom-aHMIbHMId2007-07-03g5.00l0o297.5 FARp05579r2007-07-03v5.00w2005-05-24yBK c4422d4422